000 00380nam a2200157Ia 4500
003 0STCL
008 150530s9999 xx 000 0 und d
040 _aSTCL
_cSTCL
100 _aUdai, Pradhan, C.
245 _aIndian orchids guide to identification and culture Vol I
260 _c1976
546 _aEnglish
942 _2ddc
_cBK
999 _c36667
_d36667
005 20220125170407.0